| 000 | 00000nam##2200000za#4500 |
| 001 | 9.605986 |
| 003 | CaOODSP |
| 005 | 20210624212409 |
| 007 | cr ||||||||||| |
| 008 | 150406|1999||||xxc|||||o f|0| 0 fre|d |
| 040 | |aCaOODSP|bfre |
| 043 | |an-cn--- |
| 086 | 1 |aEn133-5/2-1999F-PDF |
| 110 | 2 |aTable ronde nationale sur l'environnement et l'économie (Canada) |
| 245 | 10|aOptions de conception d'un système d'échange de droits d'émission visant au traitement des combustibles fossiles utilisés comme charge d'alimentation / |h[ressource électronique]|cpréparé par Erik Haites et Robert Hornung. |
| 260 | |aOttawa - Ontario : |bTable ronde nationale sur l'environnement et l'économie |cFévrier 1999. |
| 300 | |a32p.|bréférences, tableaux |
| 490 | 1 |aDroits d'échange d'émission nationaux des gaz à effet de serre, série de documents techniques |
| 500 | |a«Le présent document porté sur l'attribution gratuite d'allocations dans un système de «limite et échange», les sources désignées doivent détenir des allocations égales à leurs émissions réelles [...] Le problème majeur qui surgit, ensuite, avec l'attribution gratuite d'allocation, à trait à la quantité appropriée d'allocations, c'est-à-dire la règle de l'attribution.»--Introduction. |
| 520 | 3 |aLe présent document porté sur l'attribution gratuite d'allocations dans un système de limite et échange, les sources désignées doivent détenir des allocations égales à leurs émissions réelles [...] Le problème majeur qui surgit, ensuite, avec l'attribution gratuite d'allocation, à trait à la quantité appropriée d'allocations, c'est-à-dire la règle de l'attribution.--Introduction |
| 590 | |a13-19-Supp|b2013-08-14 |
| 775 | 08|tDesign options in a domestic emissions trading system for the treatment of fossil fuels used as feedstocks / |w(CaOODSP)9.577174 |
| 830 | #0|aDroits d'échange d'émission nationaux des gaz à effet de serre, série de documents techniques.|w(CaOODSP)9.503944 |
| 856 | 40|ahttp://publications.gc.ca|qPDF|s3682 Ko|uhttps://publications.gc.ca/collections/collection_2013/trnee-nrtee/En133-5-2-1999-fra.pdf |